Dinner to Señor Matias Romero (Record no. 3612)

MARC details
000 -CABECERA
campo de control de longitud fija 00662nam a2200205 a 4500
001 - NÚMERO DE CONTROL
campo de control BRCA_3884
005 - FECHA Y HORA DE LA ÚLTIMA TRANSACCIÓN
campo de control 20190320204448.0
008 - DATOS DE LONGITUD FIJA--INFORMACIÓN GENERAL
campo de control de longitud fija 271209s1866----nyu#######---#000-0#eng-#
041 ## - CÓDIGO DE LENGUA
Código de lengua del texto/banda sonora o título independiente eng
044 ## - CÓDIGO DEL PAÍS DE LA ENTIDAD EDITORA/PRODUCTORA
Código MARC del país nyu
050 #4 - SIGNATURA TOPOGRÁFICA DE LA BIBLIOTECA DEL CONGRESO
Número de clasificación F1233.R6
Número de documento/Ítem .D56 1866
245 10 - MENCIÓN DE TÍTULO
Título Dinner to Señor Matias Romero
Resto del título envoy Extraordinary and Minister Plenipotentiary from Mexico, on the 29th of March, 1864.
260 ## - PUBLICACIÓN, DISTRIBUCIÓN, ETC.
Lugar de publicación, distribución, etc. New York
Nombre del editor, distribuidor, etc. [s.n.]
Fecha de publicación, distribución, etc. 1866
300 ## - DESCRIPCIÓN FÍSICA
Extensión 49 p.
Dimensiones 27 cm.
500 ## - NOTA GENERAL
Nota general C45
600 14 - PUNTO DE ACCESO ADICIONAL DE MATERIA--NOMBRE DE PERSONA
Nombre de persona Romero, Matias
Fechas asociadas al nombre 1836-1898
9 (RLIN) 10107
651 #4 - PUNTO DE ACCESO ADICIONAL DE MATERIA--NOMBRE GEOGRÁFICO
Nombre geográfico México
Subdivisión de forma Discursos, ensayos, conferencias
Subdivisión general Historia
Subdivisión cronológica Intervención francesa, 1861-1867
9 (RLIN) 10108
902 ## - CATALOGADOR
Iniciales GFM
942 ## - ELEMENTOS DE PUNTO DE ACCESO ADICIONAL (KOHA)
Fuente del sistema de clasificación o colocación Library of Congress Classification
Tipo de ítem Koha Libros
Holdings
Estado de retiro Estado de pérdida Estado dañado No para préstamo Localización permanente Ubicación/localización actual Fecha de adquisición Número de inventario Total de préstamos Signatura topográfica completa Código de barras Fecha visto por última vez Precio válido a partir de Tipo de ítem Koha
El ejemplar forma parte de la colección y puede ser consultado según las políticas vigentes.       Biblioteca del Museo Franz Mayer (Rogerio Casas-Alatriste) Biblioteca del Museo Franz Mayer (Rogerio Casas-Alatriste) 27/12/2009 C45   F1233.R6 .D56 1866 (C45) 3881 22/03/2019 22/03/2019 Libros